All Things White Quiz Stats

 Plays Quiz not verified by Sporcle

Score 0/5 Timer 03:00
0 Plays Today
Hint White object % Correct
Not a blackboardwhiteboard
84.6%
Used in printerspaper
79.5%
Sodium in granular formsalt
76.9%
Pouring soap into a washer causes thesesuds
74.4%
Crystalized watersnow
41%

You're not logged in!

Compare scores with friends on all Sporcle quizzes.
OR
Log In

Sporcle TV

Today on Sporcle TV


Watch our educational content, quiz creation guides, and fun videos on Sporcle TV.

Show Comments

Extras

Created Aug 29, 2015ReportNominate
Tags:description, object, white

Top Quizzes Today


Score Distribution

Your Account Isn't Verified!

In order to create a playlist on Sporcle, you need to verify the email address you used during registration. Go to your Sporcle Settings to finish the process.

Report this User

Report this user for behavior that violates our Community Guidelines.

Details: